000 00567nam a22001697a 4500
999 _c8144
_d8144
003 AUA.1
005 20191024185602.0
008 121025t xxu||||| |||| 00| 0 eng d
040 _cJTL
100 _aKaremera Elie
_927931
245 _aUNE STRATEGIA POUR REMONTER LA CROISSANCE DE L'EGLISE ADVENTISTE DE KARINZI AU RWANDA
_cElie Karemera
300 _a79 p. :
_c29 cm.
650 _aCroissance de L'eglise Adventiste
_927932
650 _aBeliefs
_vSeventh-day Adventists
_927933
650 _aRevival
_927934
942 _2aua
_cPROJECT
_hMA PTh
_i.K37 2009